Η επίδραση του φύλου στις μαθηματικές ιδέες των παιδιών της προσχολικής και πρώτης σχολικής ηλικίας : διπλωματική εργασία [μεταπτυχιακή εργασία]

Αποθηκεύτηκε σε:
Λεπτομέρειες βιβλιογραφικής εγγραφής
Κύριος συγγραφέας: Οικονόμου, Στεφανία Ευαγ
Συγγραφή απο Οργανισμό/Αρχή: Πανεπιστήμιο Αιγαίου Σχολή Ανθρωπιστικών Επιστημών Τμήμα Επιστημών της Προσχολικής Αγωγής και του Εκπαιδευτικού Σχεδιασμού Πρόγραμμα Μεταπτυχιακών Σπουδών Φύλο και Νέα Εκπαιδευτικά και Εργασιακά Περιβάλλοντα στην Κοινωνία της Πληροφορίας
Άλλοι συγγραφείς: Ρούσσος, Πέτρος Λ. (Εισηγητής διατριβής)
Μορφή: Thesis Βιβλίο
Γλώσσα:Greek
Δημοσίευση: 2010
Θέματα:
Διαθέσιμο Online:http://hdl.handle.net/11610/13879
Ετικέτες: Προσθήκη ετικέτας
Δεν υπάρχουν, Καταχωρήστε ετικέτα πρώτοι!

MARC

LEADER 00000cam a2200000 i 4500
001 1/14475
008 110729s2010 gre d
035 |l 10110591 
040 |a GR-MY-UA  |b gre  |e aacr 
041 0 |a gre 
082 0 |a 305.3  |2 (22) 
100 1 |a Οικονόμου, Στεφανία Ευαγ. 
245 1 2 |a Η επίδραση του φύλου στις μαθηματικές ιδέες των παιδιών της προσχολικής και πρώτης σχολικής ηλικίας :  |b διπλωματική εργασία [μεταπτυχιακή εργασία] /  |c Οικονόμου Στεφανία ; επιβλέπων: Ρούσσος Πέτρος 
260 |c 2010 
300 |a 99 σ.;  |c 30 εκ. 
500 |a Μέλη εξεταστικής επιτροπής: Βρυωνίδης Μάριος, Χιονίδου Μαρία 
502 |a Διατριβή (μεταπτυχιακή) – Πανεπιστήμιο Αιγαίου, Ρόδος, 2010. 
504 |a Βιβλιογραφία: σ.79-88 
650 0 0 |a Gender identity in education. 
650 0 0 |a Sex discrimination in education  |z Greece. 
650 0 0 |a Mathematics  |x Study and teaching. 
650 0 0 |a Education, Elementary  |z Greece. 
650 0 0 |a Dissertations, Academic  |z Greece. 
700 1 |a Ρούσσος, Πέτρος Λ.  |4 ths 
710 1 |a Πανεπιστήμιο Αιγαίου   |b Σχολή Ανθρωπιστικών Επιστημών   |b Τμήμα Επιστημών της Προσχολικής Αγωγής και του Εκπαιδευτικού Σχεδιασμού   |b Πρόγραμμα Μεταπτυχιακών Σπουδών Φύλο και Νέα Εκπαιδευτικά και Εργασιακά Περιβάλλοντα στην Κοινωνία της Πληροφορίας. 
852 |a INST  |b RHODES  |c DIATR  |e 20110729  |h 305.3 ΟΙΚ  |p 005400033332  |q 005400033332  |t MTXE  |y 23 
852 |a INST  |b RHODES  |c DIATR  |e 20110729  |h 305.3 ΟΙΚ  |p 005400033514  |q 005400033514  |t MTXE  |y 23 
856 |u http://hdl.handle.net/11610/13879 
901 |a BIBL4-2011-2 
909 |a Ρ  |b 163875 
909 |a Ρ  |b 163874 
924 |a ΟΙΚΟΝΟΜΟΥ  |b ΣΤΕΦΑΝΙΑ  |y ΡΟΔΟΣ  |z 2011-07 
970 |z 2010/05/